| 000 | 00624nam a2200205 i 4500 | ||
|---|---|---|---|
| 001 | 21522 | ||
| 003 | ES-MaACL | ||
| 005 | 20251015063042.0 | ||
| 007 | t| | ||
| 008 | 021126s1905 sp ||||1| cat d | ||
| 080 | _a821.134.1-14"19" | ||
| 100 | 1 |
_aCatalà, Víctor, _d1869-1966 _937006 |
|
| 245 | 1 | 0 |
_aLlibre blanch _b: Polieromi. Triptieh : poesies / _cVíctor Catalá (seud.). |
| 260 |
_aBarcelona : _b[s.n.], _c1905 ( _fThomas) |
||
| 300 |
_a169 p. ; _c18 cm. |
||
| 740 | 0 | _aPolieromi. | |
| 740 | 0 | _aTriptieh. | |
| 852 |
_aES-MaACL _jD-1342(1) |
||
| 999 |
_c21522 _d21522 |
||